| 000 | 00422nam a2200145 a 4500 | ||
|---|---|---|---|
| 005 | 20140412111409.0 | ||
| 008 | 070215s19uu xx 00 eng d | ||
| 020 | _a0-00-722796-5 | ||
| 050 |
_aREF 423 _bCo63 2005 |
||
| 245 |
_aCollins dictionary & thesaurus : _bInternational Edition. |
||
| 260 |
_aGreat Britain : _bHarper Collins, _c2005. |
||
| 300 | _a313 | ||
| 650 | _aDictionaries-English language | ||
| 999 |
_c105633 _d105633 |
||